[Event "De Verteuil Memorial 26th"]
[Site "Port of Spain"]
[Date "2018.11.01"]
[Round "5"]
[White "Browne, Paul"]
[Black "Hunte, Keelan"]
[Result "1-0"]
[WhiteElo "1848"]
[BlackElo "1590"]
[PlyCount "57"]
[EventDate "2018.10.04"]
[EventType "swiss"]
[EventRounds "7"]
[EventCountry "TRI"]
[SourceTitle "CBM 187 Extra"]
[Source "ChessBase"]
[SourceDate "2018.11.04"]
[SourceVersion "1"]
[SourceVersionDate "2018.11.04"]
[SourceQuality "1"]

1. e4 e5 2. Nf3 Nc6 3. Bb5 a6 4. Ba4 d6 5. h3 Be7 6. c3 Nf6 7. Qe2 b5 8. Bc2 Bb7 9. 0-0 h6 10. d4 0-0 11. Nbd2 Nh7 12. Rd1 Ng5 13. Nf1 f6 14. Ng3 Nxf3+ 15. Qxf3 Na5 16. Nf5 Kf7 17. Qh5+ Kg8 18. Nxh6+ gxh6 19. Qg6+ Kh8 20. Qxh6+ Kg8 21. Qg6+ Kh8 22. Rd3 Qe8 23. Qh6+ Kg8 24. Rg3+ Kf7 25. Qg6+ Ke6 26. Qf5+ Kf7 27. Bd1 Rh8 28. Qg6+ Kf8 29. Qg7# 1-0

[Event "De Verteuil Memorial 26th"]
[Site "Port of Spain"]
[Date "2018.10.18"]
[Round "3"]
[White "Davis, Daryl"]
[Black "Browne, Paul"]
[Result "0-1"]
[WhiteElo "1774"]
[BlackElo "1848"]
[PlyCount "128"]
[EventDate "2018.10.04"]
[EventType "swiss"]
[EventRounds "7"]
[EventCountry "TRI"]
[SourceTitle "CBM 187 Extra"]
[Source "ChessBase"]
[SourceDate "2018.11.04"]
[SourceVersion "1"]
[SourceVersionDate "2018.11.04"]
[SourceQuality "1"]

1. e4 e5 2. Nf3 Nc6 3. Bc4 Nf6 4. Nc3 Be7 5. 0-0 0-0 6. d3 d6 7. h3 Na5 8. Bb3 a6 9. Bd2 c6 10. Bxf7+ Rxf7 11. b4 b6 12. bxa5 bxa5 13. Rb1 Nd7 14. Rb2 Nf8 15. Na4 Be6 16. Nb6 Rb8 17. Bxa5 Qe8 18. Bd2 h6 19. d4 Ng6 20. d5 cxd5 21. exd5 Bxd5 22. Be3 Bxf3 23. gxf3 Nh4 24. f4 exf4 25. Bc1 Qc6 26. Nd5 Rxb2 27. Bxb2 Ng6 28. Re1 Bg5 29. Qd3 Nh4 30. Re6 Qd7 31. Qe4 Rf8 32. Ne7+ Kf7 33. Ng6 Qxe6 34. Qxe6+ Kxe6 35. Nxf8+ Kf7 36. Nd7 Bd8 37. Nb8 a5 38. a4 Bb6 39. Bc3 Nf3+ 40. Kf1 Nd4 41. Bd2 g5 42. c4 Nb3 43. Bc3 Nc5 44. Nc6 Nxa4 45. Bxa5 Bc5 46. Bb4 Bxb4 47. Nxb4 Nb6 48. Nd5 Nxd5 49. cxd5 Kf6 50. Ke2 Ke5 51. Kf3 h5 52. Ke2 g4 53. hxg4 hxg4 54. Kd3 Kxd5 55. Kd2 Kc4 56. Ke2 Kc3 57. Kd1 d5 58. Ke2 Kc2 59. Ke1 d4 60. Kf1 d3 61. Kg2 d2 62. f3 g3 63. Kh3 d1Q 64. Kg4 g2 0-1

[Event "De Verteuil Memorial 23rd"]
[Site "Port of Spain"]
[Date "2015.11.12"]
[Round "6"]
[White "Singh, Ravishen"]
[Black "Browne, Paul"]
[Result "1-0"]
[WhiteElo "2123"]
[BlackElo "1861"]
[PlyCount "113"]
[EventDate "2015.10.08"]
[EventType "swiss"]
[EventRounds "7"]
[EventCountry "TRI"]
[SourceTitle "CBM 169 Extra"]
[Source "ChessBase"]
[SourceDate "2015.12.18"]
[SourceVersion "1"]
[SourceVersionDate "2015.12.18"]
[SourceQuality "1"]

1. Nf3 Nf6 2. c4 g6 3. Nc3 Bg7 4. d4 d6 5. e4 0-0 6. Be2 Nc6 7. 0-0 e5 8. d5 Ne7 9. Ne1 Nd7 10. Be3 f5 11. f3 f4 12. Bf2 g5 13. b4 Nf6 14. c5 h5 15. Rc1 Ne8 16. a4 Rf7 17. Nd3 Bf6 18. b5 Rg7 19. a5 g4 20. b6 axb6 21. axb6 cxb6 22. cxd6 Nxd6 23. Qb3 Bd7 24. Bxb6 Qe8 25. Nc5 Nec8 26. Nxd7 Qxd7 27. Ra1 Nxb6 28. Qxb6 Rc8 29. Nb5 Be7 30. Rfc1 Rxc1+ 31. Rxc1 Nxb5 32. Bxb5 Qd6 33. Rc8+ Kh7 34. Qxd6 Bxd6 35. Kf1 Rg8 36. Rc2 Kg7 37. Bd7 gxf3 38. gxf3 Kf6 39. Rb2 Rb8 40. Rb6 Ke7 41. Bb5 Bc5 42. Rh6 b6 43. Rxh5 Rg8 44. Rxe5+ Kd6 45. Re6+ Kc7 46. e5 Rd8 47. d6+ Kc8 48. Ke2 Rh8 49. Kd3 Rd8 50. Ke4 Be3 51. Kd5 Bf2 52. Kc6 Be1 53. Kxb6 Bb4 54. Kc6 Bc3 55. Re7 Bb4 56. Kd5 Rf8 57. Bc6 1-0

[Event "De Verteuil Memorial 23rd"]
[Site "Port of Spain"]
[Date "2015.10.08"]
[Round "1"]
[White "Yearwood, Sheldon"]
[Black "Browne, Paul"]
[Result "0-1"]
[WhiteElo "1128"]
[BlackElo "1861"]
[PlyCount "48"]
[EventDate "2015.10.08"]
[EventType "swiss"]
[EventRounds "7"]
[EventCountry "TRI"]
[SourceTitle "CBM 169 Extra"]
[Source "ChessBase"]
[SourceDate "2015.12.18"]
[SourceVersion "1"]
[SourceVersionDate "2015.12.18"]
[SourceQuality "1"]

1. d4 Nf6 2. Nc3 g6 3. Nf3 Bg7 4. Bf4 d6 5. Nb5 a6 6. Nc3 b5 7. Qd3 0-0 8. Be3 Nbd7 9. d5 Bb7 10. Bd4 b4 11. Ne4 Nxd5 12. Bxg7 Kxg7 13. Qd4+ e5 14. Nxe5 dxe5 15. Qd2 Qe7 16. 0-0-0 Rad8 17. h4 N7f6 18. h5 Nxe4 19. Qe3 Nxe3 20. Rxd8 Qxd8 21. h6+ Kg8 22. b3 Qd1+ 23. Kb2 Qxc2+ 24. Ka1 Qc1# 0-1